[Event "Valencia op 7th"]
[Site "Valencia"]
[Date "2014.01.04"]
[Round "7"]
[White "Molina Ballester, Saul"]
[Black "Rodriguez Valencoso, Juan Carlos"]
[Result "0-1"]
[WhiteElo "1823"]
[BlackElo "2159"]
[PlyCount "108"]
[EventDate "2014.01.02"]
[EventType "swiss"]
[EventRounds "7"]
[EventCountry "ESP"]
[SourceTitle "CBM 158 Extra"]
[Source "ChessBase"]
[SourceDate "2014.02.28"]
[SourceVersion "1"]
[SourceVersionDate "2014.02.28"]
[SourceQuality "1"]

1. e4 e6 2. d3 c5 3. Nf3 Nc6 4. g3 g6 5. Bg2 Bg7 6. Nc3 Nge7 7. Be3 d6 8. Qd2 Nd4 9. Nh4 f5 10. Nd1 e5 11. c3 Ne6 12. 0-0 0-0 13. exf5 gxf5 14. f4 Ng6 15. Nxg6 hxg6 16. Bd5 Qe7 17. fxe5 Bxe5 18. Re1 Kh7 19. Bf4 Qg7 20. Bxe5 dxe5 21. Qe3 f4 22. Qxe5 fxg3 23. Qxg3 Qf6 24. Qe5 Nf4 25. Qxf6 Rxf6 26. Re7+ Kh6 27. Be4 Ne2+ 28. Kg2 Nf4+ 29. Kg1 Bh3 30. Ne3 Raf8 31. Bxb7 g5 32. Be4 g4 33. Rh7+ Kg5 34. Rg7+ Kh6 35. Rh7+ Kg5 36. Rg7+ Kh4 37. Rh7+ Nh5 38. Bg2 Re6 39. Re1 Kg5 40. Bxh3 gxh3 41. Nc2 Ref6 42. Ne3 Kg6 43. Rxa7 Nf4 44. d4 cxd4 45. cxd4 Kh5 46. Ra5+ Kh4 47. d5 Rg8+ 48. Kh1 Nd3 49. Ra4+ Kh5 50. Ng4 Rxg4 51. Rxg4 Kxg4 52. Rg1+ Kh4 53. Rb1 Rg6 54. Rf1 Rg2 0-1

[Event "Quart de Poblet Sub2300 1st"]
[Site "Quart de Poblet"]
[Date "2013.07.27"]
[Round "5.2"]
[White "Rodriguez Valencoso, Juan Carlos"]
[Black "Diaz Velandia, Jose Manuel"]
[Result "0-1"]
[WhiteElo "2171"]
[BlackElo "2284"]
[PlyCount "126"]
[EventDate "2013.07.20"]
[EventType "swiss"]
[EventRounds "7"]
[EventCountry "ESP"]
[SourceTitle "EXT 2024"]
[Source "ChessBase"]
[SourceDate "2023.10.10"]
[SourceVersion "1"]
[SourceVersionDate "2023.10.10"]
[SourceQuality "1"]

1. e4 c5 2. d3 d5 3. Nd2 Nc6 4. g3 Nf6 5. Bg2 e5 6. Ngf3 dxe4 7. dxe4 Bg4 8. h3 Bh5 9. 0-0 Qd7 10. c3 Be7 11. Re1 0-0 12. Qc2 b5 13. a4 a6 14. Nh4 c4 15. Nf1 Na5 16. axb5 axb5 17. Nf5 Nb3 18. Rxa8 Rxa8 19. g4 Bg6 20. Rd1 Qc7 21. N1e3 Bc5 22. g5 Nh5 23. Nd5 Qa7 24. Qe2 Re8 25. Be3 Bxe3 26. Qxe3 Qxe3 27. fxe3 Rb8 28. Nde7+ Kf8 29. Nc6 Ra8 30. Nxe5 f6 31. Nd7+ Ke8 32. gxf6 gxf6 33. Nb6 Rb8 34. Nd6+ Ke7 35. Ndc8+ Ke8 36. e5 Nc5 37. Bc6+ Kf7 38. Rd5 Na4 39. Rd7+ Ke6 40. Re7+ Kf5 41. Nd6+ Kg5 42. Nd7 Rg8 43. Bd5 Rh8 44. e6 Kh4 45. Nb7 Rg8 46. Kf2 Nxb2 47. Ndc5 Nd1+ 48. Ke1 Nxc3 49. Bf3 b4 50. Rc7 b3 51. Nxb3 cxb3 52. Bxh5 b2 53. Bxg6 hxg6 54. Rc4+ Kxh3 55. Rb4 Re8 56. Rxb2 Rxe6 57. Kd2 Ne4+ 58. Ke2 g5 59. Nd8 Rd6 60. Nf7 Rd7 61. Nh6 g4 62. Rb4 Nc3+ 63. Kf1 g3 0-1

[Event "Quart de Poblet Sub2300 1st"]
[Site "Quart de Poblet"]
[Date "2013.07.21"]
[Round "3.7"]
[White "Benedicto Nunez, Juan Antonio"]
[Black "Rodriguez Valencoso, Juan Carlos"]
[Result "0-1"]
[WhiteElo "1874"]
[BlackElo "2171"]
[PlyCount "70"]
[EventDate "2013.07.20"]
[EventType "swiss"]
[EventRounds "7"]
[EventCountry "ESP"]
[SourceTitle "EXT 2024"]
[Source "ChessBase"]
[SourceDate "2023.10.10"]
[SourceVersion "1"]
[SourceVersionDate "2023.10.10"]
[SourceQuality "1"]

1. d4 Nf6 2. c4 c5 3. Nf3 g6 4. g3 Bg7 5. Bg2 0-0 6. 0-0 Na6 7. Nc3 d6 8. h3 Bd7 9. d5 Nc7 10. a4 Rb8 11. e4 b6 12. Bf4 Nh5 13. Bd2 e5 14. Qc1 f5 15. Bh6 f4 16. Bxg7 Kxg7 17. Kh2 a6 18. Ne2 h6 19. Qc3 g5 20. gxf4 Nxf4 21. Nxf4 Rxf4 22. Nxe5 dxe5 23. Qxe5+ Kg8 24. Qd6 Be8 25. Qxh6 Rh4 26. Qxh4 gxh4 27. e5 b5 28. axb5 axb5 29. d6 bxc4 30. dxc7 Qxc7 31. Bd5+ Bf7 32. Bxf7+ Kxf7 33. f4 Rxb2+ 34. Kg1 Qb7 35. e6+ Ke7 0-1

[Event "Valencia Manises-A"]
[Site "Valencia"]
[Date "2012.05.20"]
[Round "9"]
[White "Rodriguez Valencoso, Juan Carlos"]
[Black "Iagar, Razvan Gabriel"]
[Result "1/2-1/2"]
[WhiteElo "2150"]
[BlackElo "2142"]
[PlyCount "70"]
[EventDate "2012.05.05"]
[EventType "tourn"]
[EventRounds "9"]
[EventCountry "ESP"]
[SourceTitle "EXT 2014"]
[Source "ChessBase"]
[SourceDate "2013.11.20"]
[SourceVersion "1"]
[SourceVersionDate "2013.11.20"]
[SourceQuality "1"]

1. e4 e6 2. Nf3 d5 3. Nc3 Nf6 4. e5 Nfd7 5. d4 c5 6. dxc5 Nc6 7. Bf4 Nxc5 8. Bd3 Be7 9. h4 h6 10. Qd2 Bd7 11. a3 Qa5 12. 0-0 Nxd3 13. Qxd3 Qd8 14. h5 Rc8 15. b4 a6 16. Ne2 Qc7 17. Ned4 Nxd4 18. Nxd4 Qc3 19. Bd2 Qc4 20. Rfc1 Qxd3 21. cxd3 0-0 22. Rxc8 Rxc8 23. Rc1 Rxc1+ 24. Bxc1 f6 25. f4 fxe5 26. fxe5 Bd8 27. Kf1 Kf7 28. Ke2 Bc7 29. Nf3 a5 30. Bd2 axb4 31. axb4 Bb5 32. Nd4 Be8 33. Nf3 Ke7 34. g4 Kd7 35. Be3 b6 1/2-1/2

[Event "Albacete op U2300 1st"]
[Site "Albacete"]
[Date "2012.04.29"]
[Round "5"]
[White "Rodriguez Valencoso, Juan Carlos"]
[Black "Martin Rueda, Daniel"]
[Result "0-1"]
[WhiteElo "2160"]
[BlackElo "2289"]
[PlyCount "70"]
[EventDate "2012.04.27"]
[EventType "swiss"]
[EventRounds "9"]
[EventCountry "ESP"]
[SourceTitle "EXT 2014"]
[Source "ChessBase"]
[SourceDate "2013.11.20"]
[SourceVersion "1"]
[SourceVersionDate "2013.11.20"]
[SourceQuality "1"]

1. Nf3 c5 2. g3 Nc6 3. Bg2 g6 4. 0-0 Bg7 5. d3 d6 6. e4 e5 7. c3 Nge7 8. Be3 0-0 9. a3 h6 10. b4 b6 11. b5 Na5 12. Nfd2 d5 13. Nb3 Nxb3 14. Qxb3 Bb7 15. a4 a5 16. Na3 Kh7 17. Rad1 f5 18. f3 Qd7 19. d4 exd4 20. cxd4 c4 21. Qc2 Qd6 22. Nb1 dxe4 23. fxe4 Bxe4 24. Bxe4 fxe4 25. Rxf8 Rxf8 26. Qxe4 Nd5 27. Bc1 Rf5 28. Ba3 Qf6 29. g4 Qh4 30. Rf1 Rg5 31. Kh1 Nf6 32. Qf3 Nxg4 33. Bd6 Rf5 34. Bf4 Nxh2 35. Qf2 Qh3 0-1

[Event "Manises Provincial-ch"]
[Site "Manises"]
[Date "2011.10.15"]
[Round "2"]
[White "Rodriguez Valencoso, Juan Carlos"]
[Black "Calvo Galve, Nestor"]
[Result "0-1"]
[WhiteElo "2189"]
[BlackElo "2055"]
[PlyCount "131"]
[EventDate "2011.10.01"]
[EventType "swiss"]
[EventRounds "7"]
[EventCountry "ESP"]
[SourceTitle "EXT 2013"]
[Source "ChessBase"]
[SourceDate "2012.11.22"]
[SourceVersion "1"]
[SourceVersionDate "2012.11.22"]
[SourceQuality "1"]

1. Nf3 Nf6 2. g3 d5 3. Bg2 c6 4. d3 Bg4 5. Nbd2 Nbd7 6. 0-0 e5 7. e4 dxe4 8. dxe4 Bc5 9. Qe1 0-0 10. Nh4 Re8 11. h3 Bh5 12. Nc4 Bg6 13. b4 Bf8 14. Bb2 Qc7 15. a3 Rad8 16. Bc3 b5 17. Nxg6 hxg6 18. Ne3 Nb6 19. Rc1 Rd7 20. Ba1 c5 21. c4 Nxc4 22. Nxc4 bxc4 23. Rxc4 Qb6 24. Kh1 Rd3 25. Rc3 Rd7 26. bxc5 Bxc5 27. g4 Bd4 28. Rc1 Bxa1 29. Rxa1 Rd4 30. Qe3 Qa6 31. Rfe1 Qa4 32. f3 Red8 33. Bf1 Nh7 34. Rac1 Rb8 35. Re2 Nf8 36. Rec2 Rb3 37. Qf2 Qxa3 38. Rc8 g5 39. Bg2 Rbb4 40. R1c3 Qa1+ 41. Kh2 Rb2 42. Rc2 Rxc2 43. Qxc2 Qa3 44. Ra8 Qe3 45. Rxf8+ Kxf8 46. Qc8+ Ke7 47. Qc5+ Ke6 48. Qc8+ Rd7 49. Qe8+ Kd6 50. Qb8+ Kc6 51. Qc8+ Rc7 52. Qe8+ Kb7 53. Qb5+ Qb6 54. Qd5+ Qc6 55. Qxe5 f6 56. Qb2+ Qb6 57. Qd2 Qc5 58. f4 Kb6 59. Qb2+ Qb5 60. Qd4+ Ka5 61. e5 Rc4 62. Qxa7+ Kb4 63. e6 gxf4 64. e7 f3 65. Bf1 Qe5+ 66. Kh1 0-1

[Event "Valencia Autonomico Norte-A"]
[Site "Valencia"]
[Date "2009.02.07"]
[Round "5.2"]
[White "Jordan Arenas, Manuel"]
[Black "Rodriguez Valencoso, Juan Carlos"]
[Result "1/2-1/2"]
[WhiteElo "2116"]
[BlackElo "2244"]
[PlyCount "34"]
[EventDate "2009.01.10"]
[EventType "team-tourn"]
[EventRounds "5"]
[EventCountry "ESP"]
[SourceTitle "EXT 2011"]
[Source "ChessBase"]
[SourceDate "2010.11.26"]
[SourceVersion "1"]
[SourceVersionDate "2010.11.26"]
[SourceQuality "1"]

1. e4 c5 2. Nf3 Nc6 3. Nc3 d6 4. d4 cxd4 5. Nxd4 Nf6 6. Be3 Bd7 7. f3 a6 8. g4 Nxd4 9. Qxd4 Bc6 10. 0-0-0 e6 11. g5 Nd7 12. h4 b5 13. h5 Qa5 14. Kb1 b4 15. Ne2 Ne5 16. Bg2 Bb5 17. Nc1 Rc8 1/2-1/2

[Event "Valencia Autonomico Norte-A"]
[Site "Valencia"]
[Date "2009.01.31"]
[Round "4.3"]
[White "Navarro Diaz, Carles"]
[Black "Rodriguez Valencoso, Juan Carlos"]
[Result "0-1"]
[WhiteElo "2077"]
[BlackElo "2244"]
[PlyCount "94"]
[EventDate "2009.01.10"]
[EventType "team-tourn"]
[EventRounds "5"]
[EventCountry "ESP"]
[SourceTitle "EXT 2011"]
[Source "ChessBase"]
[SourceDate "2010.11.26"]
[SourceVersion "1"]
[SourceVersionDate "2010.11.26"]
[SourceQuality "1"]

1. d4 Nf6 2. c4 c5 3. d5 e5 4. Nc3 d6 5. e4 Be7 6. Nf3 0-0 7. Bd3 Nbd7 8. 0-0 Ne8 9. Be3 g6 10. Nd2 Bg5 11. Bxg5 Qxg5 12. Kh1 f5 13. a3 a6 14. b4 Ng7 15. Be2 b6 16. Rb1 Ra7 17. bxc5 bxc5 18. Nf3 Qd8 19. Qd2 Nf6 20. Ng5 h6 21. Ne6 Bxe6 22. dxe6 Nxe6 23. Qxh6 Nd4 24. Bf3 Rh7 25. Qg5 Rxh2+ 26. Kg1 Nxf3+ 27. gxf3 Rh5 28. Qg2 Ne8 29. Ne2 Rg5 30. Ng3 f4 31. Qh3 Rf7 32. Kg2 fxg3 33. fxg3 Rh5 34. Qe6 Ng7 35. Qd5 Qe7 36. Rb8+ Kh7 37. Qa8 g5 38. g4 Rh4 39. Qxa6 Ne6 40. Qc8 Rf8 41. Rb7 Nf4+ 42. Kg1 Rxc8 43. Rxe7+ Kg6 44. Rd7 Rch8 45. Kf2 Rh2+ 46. Ke1 Nd3+ 47. Kd1 Nb2+ 0-1

[Event "La Pobla de Vallbona op"]
[Site "La Pobla de Vallbona"]
[Date "2004.10.??"]
[Round "5"]
[White "Rodriguez Valencoso, Juan Carlos"]
[Black "Cebolla Moll, Ricardo"]
[Result "1-0"]
[WhiteElo "2219"]
[BlackElo "2055"]
[PlyCount "63"]
[EventDate "2004.10.??"]
[EventType "swiss"]
[EventRounds "8"]
[EventCountry "ESP"]
[SourceTitle "EXT 2006"]
[Source "ChessBase"]
[SourceDate "2005.11.24"]
[SourceVersion "1"]
[SourceVersionDate "2005.11.24"]
[SourceQuality "1"]

1. e4 c5 2. Nf3 e6 3. d3 Nc6 4. g3 g6 5. Bg2 Bg7 6. 0-0 Nge7 7. Re1 h6 8. h4 d5 9. Nbd2 Qc7 10. Nf1 b6 11. exd5 Nxd5 12. N3d2 0-0 13. Nc4 Bb7 14. a4 Nce7 15. a5 Bc6 16. Qe2 Nb4 17. Bf4 Qc8 18. c3 Bxg2 19. Kxg2 Qc6+ 20. Kh2 Nbd5 21. Be5 f6 22. Bd6 e5 23. Nfe3 Rfd8 24. Bxe7 Nxe7 25. h5 b5 26. Nd2 Qd7 27. Ne4 Rac8 28. Ng4 Kf7 29. hxg6+ Nxg6 30. Qf3 Qe6 31. Rad1 h5 32. Ng5+ 1-0

[Event "ESP-ch U20"]
[Site "Mondariz"]
[Date "2004.07.20"]
[Round "4"]
[White "Rodriguez Valencoso, Juan Carlos"]
[Black "Garrido Dominguez, Jesus"]
[Result "0-1"]
[WhiteElo "2188"]
[BlackElo "2246"]
[PlyCount "140"]
[EventDate "2004.07.18"]
[EventType "swiss"]
[EventRounds "8"]
[EventCountry "ESP"]
[SourceTitle "CBM 101 Extra"]
[Source "ChessBase"]
[SourceDate "2004.09.01"]
[SourceVersion "2"]
[SourceVersionDate "2004.09.01"]
[SourceQuality "1"]

1. Nf3 Nf6 2. d4 g6 3. Nc3 Bg7 4. e4 d6 5. h3 0-0 6. Be3 c5 7. d5 Qa5 8. Nd2 Bd7 9. Nc4 Qd8 10. a4 Na6 11. Be2 Nc7 12. e5 Nfe8 13. exd6 exd6 14. Bf4 Qe7 15. 0-0 b5 16. axb5 Nxb5 17. Nxb5 Bxb5 18. Bc1 Nc7 19. Re1 Qf6 20. c3 a6 21. Ne3 Rfe8 22. Bf3 h5 23. Bd2 Bd7 24. Nc4 Rxe1+ 25. Qxe1 Rb8 26. Qc1 Bf8 27. Bg5 Qf5 28. Qd2 Bb5 29. Na3 Bd3 30. b4 c4 31. Qf4 Qxf4 32. Bxf4 Ne8 33. Bd2 Bg7 34. Rc1 a5 35. Nc2 Nf6 36. bxa5 Be4 37. Nb4 Rb5 38. a6 Ra5 39. Re1 Bxf3 40. gxf3 Kf8 41. Bf4 Ne8 42. Rc1 Ra3 43. Rc2 Ra1+ 44. Kg2 Ke7 45. a7 Kd7 46. Be3 Nc7 47. Na2 Rb1 48. Bd4 Bxd4 49. cxd4 Rb7 50. Rxc4 Rxa7 51. Nc3 Ra5 52. f4 Nxd5 53. Nxd5 Rxd5 54. Kf3 Ra5 55. Rc3 Ra1 56. Ke4 Rf1 57. Rf3 Ke6 58. f5+ gxf5+ 59. Kf4 Kf6 60. Ke3 Ra1 61. Ke2 Ra2+ 62. Ke1 Ra4 63. Rd3 Ra2 64. Kf1 f4 65. Kg2 Kf5 66. Kf3 d5 67. Rb3 Rd2 68. Rb7 f6 69. Rh7 Rd3+ 70. Kg2 Kg6 0-1

[Event "ESP-ch U20"]
[Site "Mondariz"]
[Date "2004.07.19"]
[Round "2"]
[White "Rodriguez Valencoso, Juan Carlos"]
[Black "Sierra Canosa, Francisco"]
[Result "1-0"]
[WhiteElo "2188"]
[BlackElo "2090"]
[PlyCount "101"]
[EventDate "2004.07.18"]
[EventType "swiss"]
[EventRounds "8"]
[EventCountry "ESP"]
[SourceTitle "CBM 101 Extra"]
[Source "ChessBase"]
[SourceDate "2004.09.01"]
[SourceVersion "2"]
[SourceVersionDate "2004.09.01"]
[SourceQuality "1"]

1. e4 c5 2. Nf3 Nc6 3. d3 g6 4. g3 Bg7 5. Bg2 d6 6. 0-0 Nf6 7. Nbd2 0-0 8. a4 Rb8 9. Nc4 b6 10. Re1 Nd7 11. c3 a6 12. Ne3 b5 13. Nh4 b4 14. Bd2 e6 15. f4 Ne7 16. f5 Ne5 17. Rf1 exf5 18. exf5 Bf6 19. d4 cxd4 20. cxd4 N5c6 21. fxg6 fxg6 22. Rxf6 Rxf6 23. Nd5 Rf7 24. Bg5 Qa5 25. Nf6+ Kh8 26. Qb3 d5 27. Nxd5 Be6 28. Bxe7 Nxe7 29. Qe3 Bxd5 30. Qe5+ Kg8 31. Qxb8+ Rf8 32. Qe5 Qd8 33. Re1 Bxg2 34. Nxg2 Rf7 35. Nf4 Nf5 36. Ne6 Qe8 37. d5 Ng7 38. Nxg7 Qxe5 39. Rxe5 Kxg7 40. Re4 a5 41. Rc4 Kf6 42. Rf4+ Ke7 43. Rxf7+ Kxf7 44. Kf2 Kf6 45. Ke3 Ke5 46. d6 Kxd6 47. Kd4 h6 48. b3 h5 49. h4 Kc6 50. Kc4 Kb6 51. Kd5 1-0

[Event "Valencia Autonomico-A"]
[Site "Valencia"]
[Date "2004.01.24"]
[Round "2.2"]
[White "Camarena Gimenez, Rufino"]
[Black "Rodriguez Valencoso, Juan Carlos"]
[Result "0-1"]
[WhiteElo "2343"]
[BlackElo "2156"]
[PlyCount "66"]
[EventDate "2004.01.17"]
[EventType "team-tourn"]
[EventRounds "4"]
[EventCountry "ESP"]
[SourceTitle "CBM 098 Extra"]
[Source "ChessBase"]
[SourceDate "2004.03.10"]
[SourceVersion "2"]
[SourceVersionDate "2004.03.10"]
[SourceQuality "1"]

1. d4 Nf6 2. c4 d6 3. Nc3 Nbd7 4. e4 e5 5. Nf3 c6 6. Be2 Be7 7. 0-0 0-0 8. Be3 Re8 9. d5 a5 10. Qc2 Ng4 11. Bd2 Nf8 12. h3 Nf6 13. Ne1 Ng6 14. Nd3 Bd7 15. Be3 cxd5 16. exd5 Qc8 17. Rfc1 Nh4 18. Qd1 Nf5 19. Bd2 Nd4 20. Bf1 Rf8 21. f4 Qb8 22. fxe5 dxe5 23. Qe1 Re8 24. Kh1 Bf8 25. Qf2 Nf5 26. g4 Nd6 27. Nd1 Nfe4 28. Qg2 Nxd2 29. Qxd2 e4 30. Ne1 e3 31. Nxe3 Ne4 32. Qh2 Ng3+ 33. Kg1 Rxe3 0-1

[Event "Valencia-chA"]
[Site "Mislata"]
[Date "2003.11.08"]
[Round "5"]
[White "Fenollar Jorda, Manuel"]
[Black "Rodriguez Valencoso, Juan Carlos"]
[Result "0-1"]
[WhiteElo "2251"]
[BlackElo "2156"]
[PlyCount "108"]
[EventDate "2003.10.11"]
[EventType "swiss"]
[EventRounds "9"]
[EventCountry "ESP"]
[SourceTitle "CBM 097 Extra"]
[Source "ChessBase"]
[SourceDate "2004.01.13"]
[SourceVersion "1"]
[SourceVersionDate "2004.01.13"]
[SourceQuality "1"]

1. e4 c5 2. Nf3 Nc6 3. d4 cxd4 4. Nxd4 Nf6 5. Nc3 d6 6. Bc4 Qb6 7. Nde2 a6 8. 0-0 e6 9. Bb3 Qc7 10. a4 Bd7 11. Kh1 Na5 12. Nd4 Rc8 13. f4 Nxb3 14. cxb3 Bc6 15. Qe2 Be7 16. b4 Qb6 17. Nxc6 Qxc6 18. b5 Qc4 19. Qxc4 Rxc4 20. bxa6 bxa6 21. Re1 Nd7 22. Be3 0-0 23. Red1 Rb8 24. Rd4 Rcb4 25. Rc1 Rxb2 26. Rc4 Nc5 27. e5 Nb3 28. Ra1 d5 29. Rc7 Bb4 30. Bc1 Nxc1 31. Rxc1 Bxc3 32. R7xc3 g6 33. g3 Ra2 34. Rc7 Rxa4 35. Kg2 Ra2+ 36. Kh3 h6 37. Ra7 a5 38. Rcc7 Rf8 39. Rd7 a4 40. Rdc7 a3 41. Rd7 Kg7 42. Rdc7 g5 43. Kg4 Kg6 44. fxg5 hxg5 45. Rc3 Rxh2 46. Rf3 a2 47. Rf6+ Kg7 48. Kxg5 Kg8 49. Rf3 Rb8 50. Rfxf7 a1Q 51. Rxa1 Kxf7 52. Ra7+ Kg8 53. Kg6 Rf2 54. g4 Kf8 0-1

[Event "Valencia-chA"]
[Site "Mislata"]
[Date "2003.11.01"]
[Round "4"]
[White "Rodriguez Valencoso, Juan Carlos"]
[Black "Sanchez Perona, Alejandro"]
[Result "1/2-1/2"]
[WhiteElo "2156"]
[BlackElo "2110"]
[PlyCount "43"]
[EventDate "2003.10.11"]
[EventType "swiss"]
[EventRounds "9"]
[EventCountry "ESP"]
[SourceTitle "CBM 097 Extra"]
[Source "ChessBase"]
[SourceDate "2004.01.13"]
[SourceVersion "1"]
[SourceVersionDate "2004.01.13"]
[SourceQuality "1"]

1. e4 g6 2. Nc3 c6 3. d4 d5 4. Nf3 Bg7 5. h3 Nf6 6. e5 Nfd7 7. Ne2 f6 8. Nf4 Nf8 9. exf6 exf6 10. Bd3 Ne6 11. 0-0 Qd6 12. Re1 0-0 13. Nxe6 Bxe6 14. b3 Re8 15. c4 Nd7 16. Bb2 Nf8 17. Qc2 Bf7 18. a4 Rad8 19. c5 Qd7 20. Rad1 Rxe1+ 21. Rxe1 Re8 22. Rxe8 1/2-1/2

[Event "Valencia-chA"]
[Site "Mislata"]
[Date "2003.10.25"]
[Round "3"]
[White "Pallardo Lozoya, Jose Vicente"]
[Black "Rodriguez Valencoso, Juan Carlos"]
[Result "0-1"]
[WhiteElo "2117"]
[BlackElo "2156"]
[PlyCount "102"]
[EventDate "2003.10.11"]
[EventType "swiss"]
[EventRounds "9"]
[EventCountry "ESP"]
[SourceTitle "CBM 097 Extra"]
[Source "ChessBase"]
[SourceDate "2004.01.13"]
[SourceVersion "1"]
[SourceVersionDate "2004.01.13"]
[SourceQuality "1"]

1. e4 g6 2. Nc3 Bg7 3. f4 c6 4. Bc4 d6 5. Nf3 Nf6 6. Bb3 0-0 7. 0-0 b5 8. Qe2 Nfd7 9. d3 Nc5 10. Be3 Nbd7 11. f5 a5 12. fxg6 hxg6 13. Ng5 Nxb3 14. axb3 Ne5 15. h3 b4 16. Nd1 f6 17. Nf3 Nxf3+ 18. Qxf3 e5 19. Qg3 Qe8 20. c3 bxc3 21. bxc3 Be6 22. b4 a4 23. Nb2 a3 24. Nc4 Bxc4 25. dxc4 f5 26. exf5 gxf5 27. Bh6 Qe7 28. Qxg7+ Qxg7 29. Bxg7 Kxg7 30. Ra2 Ra4 31. Rfa1 Rfa8 32. Kf2 Kf6 33. Kf3 d5 34. cxd5 cxd5 35. Rb1 f4 36. Rb3 Kf5 37. b5 e4+ 38. Kf2 Rb8 39. b6 Ra6 40. Raxa3 Rbxb6 41. Rxb6 Rxa3 42. Rb5 Ke6 43. Rc5 Ra2+ 44. Kf1 Rc2 45. h4 Rc1+ 46. Kf2 e3+ 47. Ke2 Rg1 48. Rc6+ Kf5 49. c4 Rxg2+ 50. Kf1 f3 51. cxd5 e2+ 0-1

[Event "Valencia Once op 9th"]
[Site "Valencia"]
[Date "2003.09.30"]
[Round "3.1"]
[White "Castellanos Rodriguez, Renier"]
[Black "Rodriguez Valencoso, Juan Carlos"]
[Result "1-0"]
[WhiteElo "2489"]
[BlackElo "2158"]
[PlyCount "59"]
[EventDate "2003.09.27"]
[EventType "swiss"]
[EventRounds "7"]
[EventCountry "ESP"]
[SourceTitle "CBM 096 Extra"]
[Source "ChessBase"]
[SourceDate "2003.10.22"]
[SourceVersion "2"]
[SourceVersionDate "2003.10.20"]
[SourceQuality "1"]

1. e4 e6 2. d4 d5 3. Nc3 Bb4 4. e5 b6 5. a3 Bf8 6. Nf3 Ne7 7. b4 c6 8. Bd3 a5 9. Rb1 h6 10. 0-0 Nd7 11. b5 c5 12. Re1 Qc7 13. dxc5 bxc5 14. b6 Qb8 15. Nb5 Nc6 16. Nc7+ Kd8 17. c4 d4 18. Nxa8 Qxa8 19. Be4 Bb7 20. Bd2 g5 21. Rb5 g4 22. Nh4 Ndxe5 23. Bf4 Nxc4 24. Bxc6 Bxc6 25. b7 Bxb7 26. Qb3 Bd6 27. Rxb7 Bxf4 28. Rxf7 Bg5 29. Qxc4 Bxh4 30. Qxe6 1-0

[Event "Autonomico-chT"]
[Site "Aragon"]
[Date "2003.??.??"]
[Round "?"]
[White "Garcia Roman, Daniel"]
[Black "Rodriguez Valencoso, Juan Carlos"]
[Result "1-0"]
[WhiteElo "2353"]
[BlackElo "2138"]
[PlyCount "119"]
[EventDate "2003.??.??"]
[EventType "team-tourn"]
[EventRounds "9"]
[EventCountry "ESP"]
[SourceTitle "EXT 2007"]
[Source "ChessBase"]
[SourceDate "2006.11.23"]
[SourceVersion "1"]
[SourceVersionDate "2006.11.23"]
[SourceQuality "1"]

1. c4 Nf6 2. Nc3 g6 3. e4 d6 4. d4 Bg7 5. f3 0-0 6. Be3 e5 7. d5 Nh5 8. Qd2 f5 9. 0-0-0 Nd7 10. Bd3 Ndf6 11. Nge2 a6 12. exf5 gxf5 13. Ng3 f4 14. Nxh5 fxe3 15. Nxf6+ Qxf6 16. Qc2 Bf5 17. Bxf5 Qxf5 18. Qxf5 Rxf5 19. Ne4 h5 20. Kc2 h4 21. h3 b6 22. Rhe1 Bh6 23. Re2 Kf7 24. Kd3 Ke7 25. Rc1 a5 26. b3 Kd7 27. a3 Rf4 28. Rcc2 Rf5 29. Rc1 Rf7 30. Rc3 Rff8 31. Rec2 c5 32. dxc6+ Kxc6 33. Re2 Rad8 34. Kc2 b5 35. Rd3 d5 36. Rxd5 Rxd5 37. cxd5+ Kxd5 38. Kd3 b4 39. axb4 axb4 40. Rc2 Bf4 41. Rc4 Ra8 42. Rxb4 Ra1 43. Nc3+ Ke6 44. Ra4 Rg1 45. Ra6+ Kf7 46. Ra2 Ke6 47. b4 Kd6 48. b5 Kc5 49. Rb2 Ra1 50. b6 Ra8 51. b7 Rb8 52. Nd1 e2 53. Kxe2 Kd4 54. Nf2 Bg5 55. Ne4 Be7 56. Rd2+ Kc4 57. Rd7 Bd8 58. Nd6+ Kc5 59. Rxd8 Rxd8 60. Nc8 1-0

[Event "Valencia-chA"]
[Site "Mislata"]
[Date "2003.??.??"]
[Round "7"]
[White "Jordan Arenas, Manuel"]
[Black "Rodriguez Valencoso, Juan Carlos"]
[Result "0-1"]
[WhiteElo "2142"]
[BlackElo "2156"]
[PlyCount "54"]
[EventDate "2003.10.11"]
[EventType "swiss"]
[EventRounds "9"]
[EventCountry "ESP"]
[SourceTitle "CBM 097 Extra"]
[Source "ChessBase"]
[SourceDate "2004.01.13"]
[SourceVersion "1"]
[SourceVersionDate "2004.01.13"]
[SourceQuality "1"]

1. e4 e6 2. d4 d5 3. Nc3 Bb4 4. Bd2 Nf6 5. e5 Nfd7 6. Qg4 Kf8 7. Nf3 b6 8. a3 Be7 9. b4 c5 10. b5 f5 11. Qg3 a6 12. Rb1 axb5 13. Nxb5 Nc6 14. c4 dxc4 15. Ng5 Ndb8 16. Bxc4 Nxd4 17. Nxd4 Bxg5 18. Nxe6+ Bxe6 19. Bxg5 Qc8 20. Rd1 Nc6 21. Bb5 Nd4 22. Qd3 Rxa3 23. Qf1 Qa8 24. Bd3 Kf7 25. Bc4 Qe4+ 26. Be3 Nc2+ 27. Kd2 Bxc4 0-1

[Event "Autonomico-chT"]
[Site "Aragon"]
[Date "2003.??.??"]
[Round "?"]
[White "Rodriguez Valencoso, Juan Carlos"]
[Black "Garcia Fernandez, Carlos"]
[Result "1/2-1/2"]
[WhiteElo "2138"]
[BlackElo "2380"]
[PlyCount "65"]
[EventDate "2003.??.??"]
[EventType "team-tourn"]
[EventRounds "9"]
[EventCountry "ESP"]
[SourceTitle "EXT 2007"]
[Source "ChessBase"]
[SourceDate "2006.11.23"]
[SourceVersion "1"]
[SourceVersionDate "2006.11.23"]
[SourceQuality "1"]

1. Nf3 d6 2. Nc3 e5 3. d4 Nd7 4. e4 Ngf6 5. Bc4 Be7 6. 0-0 c6 7. a4 0-0 8. Re1 b6 9. h3 a6 10. d5 c5 11. Bf1 Ne8 12. Nd2 g6 13. Nc4 Bg5 14. Bxg5 Qxg5 15. Qd2 Qe7 16. f4 exf4 17. Qxf4 f6 18. h4 Rb8 19. Be2 Ne5 20. Nxe5 fxe5 21. Qg5 Qg7 22. Rf1 Nf6 23. Rf2 h6 24. Qg3 Ra8 25. Raf1 Ra7 26. Qe3 Raf7 27. Nb1 Bd7 28. Bxa6 Ng4 29. Rxf7 Rxf7 30. Rxf7 Qxf7 31. Qf3 Qe7 32. g3 g5 33. Bb5 1/2-1/2

[Event "ESP-ch U18"]
[Site "Formigal"]
[Date "2002.??.??"]
[Round "3.3"]
[White "Ibarra Jerez, Jose Carlos"]
[Black "Rodriguez Valencoso, Juan Carlos"]
[Result "1-0"]
[WhiteElo "2368"]
[BlackElo "2140"]
[PlyCount "71"]
[EventDate "2002.07.05"]
[EventType "swiss"]
[EventRounds "8"]
[EventCountry "ESP"]
[SourceTitle "EXT 2003"]
[Source "ChessBase"]
[SourceDate "2002.11.25"]
[SourceVersion "1"]
[SourceVersionDate "2002.11.25"]
[SourceQuality "1"]

1. e4 e6 2. d4 d5 3. Nd2 Be7 4. Bd3 c5 5. dxc5 Nf6 6. Qe2 Nc6 7. c3 d4 8. Ngf3 dxc3 9. bxc3 Nd7 10. Nb3 Nxc5 11. Nxc5 Bxc5 12. e5 Qa5 13. Bd2 Bd7 14. Rb1 Qc7 15. 0-0 Ne7 16. Ng5 Ng6 17. Rfe1 Bc6 18. Be4 Rd8 19. Kh1 b6 20. f4 Bxe4 21. Nxe4 0-0 22. Qc4 Rc8 23. Rbd1 Qe7 24. Qf1 Nh4 25. Be3 Bxe3 26. Rxe3 Nf5 27. Red3 Rcd8 28. R1d2 Rxd3 29. Qxd3 Qa3 30. h3 h5 31. Kh2 h4 32. Qe2 Qa4 33. Qf3 Rc8 34. Kg1 Qc4 35. Ng5 Qxc3 36. Qxc3 1-0